Váňa Krutov

Bibliographic Details
Main Author: Klimáček, Viliam, 1958- (Author)
Format: Book
Language:Slovak
PhysicalDescription:152 s. 19 cm
Published: Levice L.C.A. 2001
ISBN:8088897599
Edition:2. nezm. vyd.
Series:Edícia moderného čitateľa
Subjects:

MARC

LEADER 00000cam a2200000 a 4500
001 vtls001433399
003 SK-MaSNL
005 20260301013317.0
008 251029s2001 xo gr 000 f slo
015 |a SNBA2002/08-02596 
020 |a 8088897599 
035 |a SNK000388468 
035 |a urn:nbn:sk:snk-amjd70 
035 |a urn:nbn:sk:snk-am002m7d 
035 |a CB2CEFC4-D3A9-49B4-A207-E34C5E1B9C74 
040 |a SNK  |b slo  |c SNK  |e AACR2 
041 0 |a slo 
044 |a xo  |c SK 
080 |a 885.4-3  |2 1981 
100 1 |a Klimáček, Viliam,  |d 1958-  |4 aut  |9 103454 
245 1 0 |a Váňa Krutov  |c Viliam Klimáček 
250 |a 2. nezm. vyd. 
260 |a Levice  |b L.C.A.  |c 2001 
300 |a 152 s.  |c 19 cm 
490 1 |a Edícia moderného čitateľa  |v zv. 26 
655 7 |a romány fantazijné slovenské  |2 SNK  |9 299843 
830 0 |a Edícia moderného čitateľa  |9 299844 
919 |a 80-88897-59-9 
958 |a TL 
958 |a LX 
999 |c 555751  |d 557681 
952 |t P60, <04>, [BOOK], {604}  |a SNK  |b SNK  |y VYP  |7 0  |p 17A0342778  |o snkSD 72112 D1  |i snkKSP 5290/2002  |0 0  |1 0  |4 0  |d 2002-05-06  |f 1  |l 0  |r 2005-01-02 00:00:00  |w 2026-02-23 
952 |t P60, <03>, [BOOK], {603}  |a SNK  |b SNK  |y PREZ  |7 0  |p 17A0342777  |o snkSD 72112  |i snkKSP 5289/2002  |0 0  |1 0  |4 0  |d 2002-05-06  |l 0  |r 2005-01-02 00:00:00  |w 2026-02-23